Pastoral del obispo de la Puebla de los Angeles, publicando una carta de Nuestro Santisimo Padre Pio VII. Con la Real Cedula en que se inserta

Detalles Bibliográficos
Autor principal: Lizana de Beaumont, Francisco Javier, arz. de México, 1750-1811
Formato: Libro
Lenguaje:Spanish
Publicado: Puebla : en la oficina de Don Pedro de la Rosa, 1816.
Materias:
Colección:Banco de datos
Acervo:Biblioteca Félix de Jesús Rougier de los Misioneros del Espíritu Santo. Fondo Antiguo
Descripción Física:18 p. ; 4°
Tema general:Cartas pastorales
Notas:Portada tipográfica con pleca en grabado xilográfico. Texto a renglón seguido. Incluye cabecera de título en grabado xilográfico. Incluye capitular en grabado xilográfico
LEADER 00867nam a22001690004500
035 |a 1445 
041 0 |a spa 
100 1 |a Lizana de Beaumont, Francisco Javier, arz. de México, 1750-1811 
245 1 0 |a Pastoral del obispo de la Puebla de los Angeles, publicando una carta de Nuestro Santisimo Padre Pio VII. Con la Real Cedula en que se inserta  
260 |a Puebla : en la oficina de Don Pedro de la Rosa, 1816. 
300 |a 18 p. ; 4° 
500 |a Portada tipográfica con pleca en grabado xilográfico. Texto a renglón seguido. Incluye cabecera de título en grabado xilográfico. Incluye capitular en grabado xilográfico 
650 1 0 |a Cartas pastorales 
949 |a Biblioteca Félix de Jesús Rougier, Fondo Antiguo 2678-B 
942 |c ROUGIER 
943 |g Biblioteca Félix de Jesús Rougier de los Misioneros del Espíritu Santo. Fondo Antiguo 
999 |c 946464  |d 946464